Bulletin de Science des Religions (Record no. 730808)
[ view plain ]
| 000 -CABECERA | |
|---|---|
| Campo de control de longitud fija | 00556nab a2200169Ia 4500 |
| 003 - IDENTIFICADOR DEL NÚMERO DE CONTROL | |
| Campo de control | ES-SlBCS |
| 005 - FECHA Y HORA DE LA ÚLTIMA TRANSACCIÓN | |
| Campo de control | 20210601145834.0 |
| 008 - CÓDIGOS DE INFORMACIÓN DE LONGITUD FIJA | |
| Campo de control de longitud fija | 140529s1929 xxu||||| |||| 00| 0 spa d |
| 041 ## - CÓDIGO DE LENGUA | |
| Código de lengua del texto/banda sonora o título independiente | spa |
| 100 1# - PUNTO DE ACCESO PRINCIPAL-NOMBRE DE PERSONA | |
| Nombre de persona | Lemonnyer, A. |
| 9 (RLIN) | 12031 |
| 245 00 - MENCIÓN DE TÍTULO | |
| Título | Bulletin de Science des Religions |
| Mención de responsabilidad, etc. | A. Lemonnyer, P. Synave, E.-B. Allo |
| 650 04 - PUNTO DE ACCESO ADICIONAL DE MATERIA-TÉRMINO DE MATERIA | |
| Término de materia o nombre geográfico como elemento inicial | Religiones no Cristianas |
| 9 (RLIN) | 138929 |
| 700 1# - PUNTO DE ACCESO ADICIONAL-NOMBRE DE PERSONA | |
| Nombre de persona | Allo, E.-B. |
| 9 (RLIN) | 188551 |
| 700 1# - PUNTO DE ACCESO ADICIONAL-NOMBRE DE PERSONA | |
| Nombre de persona | Synave, P |
| 9 (RLIN) | 166014 |
| 773 0# - ENLACE AL DOCUMENTO FUENTE | |
| Título | Revue des Sciences Philosophiques et Theologiques |
| Parte(s) relacionada(s) | vol. 18, nº. 3, 1929, págs. 498-563 |
| Número de control del registro relacionado | Rev383 |
| 942 ## - ENTRADA DE ELEMENTOS AGREGADOS (KOHA) | |
| Koha [por defecto] tipo de item | Artículos de revista |
| Suprimido | Perdido | Estropeado | No para préstamo | Localización permanente | Localización actual | Localización en estantería | Fecha adquisición | Préstamos totales | Fecha última consulta | Fecha del precio de reemplazo | Tipo de item de Koha |
|---|---|---|---|---|---|---|---|---|---|---|---|
| San Esteban | San Esteban | Depósito de revistas | 11/07/2014 | 11/07/2014 | 11/07/2014 | Artículos de revista |
